书目信息 |
| 书名: | Acting it out | |
| 作者: | Joan Sturkie & Marsh Cassady. | |
| 分册号: | ||
| 分册名: | 出版地: | San Jose, Calif. : |
|
| 出版社: | Resource Publications | |
| 出版时间: | c1990. | |
| 页数: | vii, 357 p. ; | |
| 开本: | 23 cm. | |
| 丛书名: | ||
| 中图分类号: | ||
| 科图分类号: | ||
| 其他分类号: | J83 | |
| 主题词: | ||
| 电子资源: | ||
| 000 | 01145cam a2200289 a 450 | |
| 001 | E0753671658 | |
| 005 | 20070313151241.00 | |
| 008 | 900327s1990 cau b 000 0 eng | |
| 010 | @a90035353 | |
| 020 | @a0893901784 :@cUSD21.95. | |
| 040 | @aDLC@cDLC@dDLC | |
| 050 | 00 | @aPS3569.T879@bA64 1990 |
| 082 | 00 | @a812/.54@2 20 |
| 090 | @aJ83 | |
| 099 | @dJ83@ex7 | |
| 100 | 1 | @aSturkie, Joan,@d1932- |
| 245 | 10 | @aActing it out :@b74 short plays for starting discussions with teenagers / @cJoan Sturkie & Marsh Cassady. |
| 260 | @aSan Jose, Calif. :@bResource Publications,@cc1990. | |
| 300 | @avii, 357 p. ;@c23 cm. | |
| 504 | @aIncludes bibliographical references (p. 355-357). | |
| 650 | 0 | @aOne-act plays, American. |
| 650 | 0 | @aTeenagers@xConduct of life@vDrama. |
| 650 | 0 | @aYoung adult drama, American. |
| 700 | 1 | @aCassady, Marsh,@d1936- |
| 906 | @a7@bcbc@corignew@d1@eocip@f19@gy-gencatlg | |
| 955 | @apc16 to be00 03-27-90; be27 to SCD 03-28-90; fd11 03-29-90; fp24 04-04-90; CIP ver. by11 01-03-91; to SL 01-07-91@alh36 2004-07-01 copy 2 to BCCD | |
| 991 | @bc-GenColl@hPS3569.T879@iA64 1990@p00058317263@tCopy 1@wBOOKS | |
| Acting it out : : 74 short plays for starting discussions with teenagers / / Joan Sturkie & Marsh Cassady.-San Jose, Calif. : : Resource Publications, , c1990. |
| vii, 357 p. ; ; 23 cm. |
| Includes bibliographical references (p. 355-357). |
| ISBN 0893901784 :USD21.95. |
| ● |
| 相关链接 |
|
|
|
|
正题名:Acting it out
索取号:J83/x7
 
预约/预借
| 序号 | 登录号 | 条形码 | 馆藏地/架位号 | 状态 | 备注 |
| 1 | 0001641 | 300016417 | 第二样本阅览室/ [索取号:J83/x7] | 在馆 |